000 00707nam a2200313Ia 4500
005 20260127113030.0
008 008 260114s9999 xx 000 0 eng d
020 _a8170030749
037 _aTextbook
040 _aPSDL
040 _beng
040 _cPSDL
041 _2eng
041 _aeng
084 _aWv2 M7
084 _qPSDL
100 _aAppadorai, A
_91109163
245 0 _aIndian Political Thinking in the Twentieth Century
245 0 _cAppadorai, A
250 _a2nd
260 _aNew Delhi
260 _bSouth Asian Publishers
260 _c1987
300 _a228p.
942 _cTB
942 _hWv2 M7
999 _c1674742
_d1674742